000 00729cam a22002174a 4500
005 20250605163941.0
008 250528s ||||||||||||||||||||||||d
035 _a15029
020 _a29721601
040 _aGR-AtMCL
_bgre
_dGR-AtMCL
_eAACR2
245 1 _aAccounting
250 _a1st
260 _bCollier-Macmillan,
_c1977
300 _a144
520 _aPreface, Introduction, The Sales Ledger, The Purchase Ledger, The Cashier's Office, The Wages Office, Nacal Ltd., The Balance Sheet, The Profit and Loss Account, Costing, Variance Analysis, Company Taxation, Mergers, Key to Exercises, Glossary.
700 1 _aAdams Tony
_9862
700 1 _aScott Roger
_9863
942 _cBK
999 _c633
_d633